书目信息 |
| 题名: |
联合作战指挥与控制技术概论
|
|
| 作者: | 刘高峰 , 孙胜春 , 郭予并 编著 | |
| 分册: | ||
| 出版信息: | 北京 国防工业出版社 2016 |
|
| 页数: | 357页 | |
| 开本: | 26cm | |
| 丛书名: | ||
| 单 册: | ||
| 中图分类: | E837 | |
| 科图分类: | ||
| 主题词: | 联合作战--lian he zuo zhan--作战指挥--指挥控制--教材 | |
| 电子资源: | ||
| ISBN: | 978-7-118-10890-3 | |
| 000 | 01210nam0 22002651 450 | |
| 001 | 0102093648 | |
| 005 | 20170402093648.0 | |
| 010 | @a978-7-118-10890-3@dCNY88.00 | |
| 100 | @a20161111d2016 em y0chiy50 ea | |
| 101 | 0 | @achi |
| 102 | @aCN@b110000 | |
| 105 | @ay z 000yy | |
| 106 | @ar | |
| 200 | 1 | @a联合作战指挥与控制技术概论@Alian he zuo zhan zhi hui yu kong zhi ji shu gai lun@f刘高峰,孙胜春,郭予并编著 |
| 210 | @a北京@c国防工业出版社@d2016 | |
| 215 | @a357页@d26cm | |
| 300 | @a军队“2110工程”三期建设教材 | |
| 330 | @a本书分为8章,介绍了联合作战的定义和发展过程,联合作战的力量体系及其编成、指挥体系、作战思想和原则等基本知识,重点阐述了指挥与控制的基本概念、理论基础、基本原理和描述模型,联合作战指挥与控制系统的体系、功能、组成、发展与建设,以及体系结构技术、系统关键技术、系统对抗技术、作战保障技术、系统效能评估和建模与仿真方法等专业知识,并简要介绍了典型局部战争的联合作战案例及其指挥与控制特点。 | |
| 606 | 0 | @a联合作战@Alian he zuo zhan@x作战指挥@x指挥控制@j教材 |
| 690 | @aE837@v5 | |
| 701 | 0 | @a刘高峰@Aliu gao feng@4编著 |
| 701 | 0 | @a孙胜春@Asun sheng chun@4编著 |
| 701 | 0 | @a郭予并@Aguo yu bing@4编著 |
| 801 | 0 | @aCN@bTANGWEI@c20170308 |
| 905 | @b0964681-3@dE837@e40@f3 | |
| 联合作战指挥与控制技术概论/刘高峰,孙胜春,郭予并编著.-北京:国防工业出版社,2016 |
| 357页;26cm |
| 军队“2110工程”三期建设教材 |
| ISBN 978-7-118-10890-3:CNY88.00 |
| 本书分为8章,介绍了联合作战的定义和发展过程,联合作战的力量体系及其编成、指挥体系、作战思想和原则等基本知识,重点阐述了指挥与控制的基本概念、理论基础、基本原理和描述模型,联合作战指挥与控制系统的体系、功能、组成、发展与建设,以及体系结构技术、系统关键技术、系统对抗技术、作战保障技术、系统效能评估和建模与仿真方法等专业知识,并简要介绍了典型局部战争的联合作战案例及其指挥与控制特点。 |
| ● |
| 相关链接 |
|
|
|
|
正题名:联合作战指挥与控制技术概论
索取号:E837/40
 
预约/预借
| 序号 | 登录号 | 条形码 | 馆藏地/架位号 | 状态 | 备注 |
| 1 | 0964681 | 209646819 | 第一样本阅览室/ [索取号:E837/40] | 在馆 | |
| 2 | 0964682 | 209646828 | 第一借阅区/ [索取号:E837/40] | 在馆 | |
| 3 | 0964683 | 209646837 | 第一借阅区/ [索取号:E837/40] | 在馆 |